| 000 | 00855nam a2200277 a 4500 | ||
|---|---|---|---|
| 001 | 61552 | ||
| 003 | BD-RjUL | ||
| 005 | 20211209080957.0 | ||
| 008 | 170119s2011 enk 001 0 eng d | ||
| 020 | _a9788131731819 | ||
| 035 | _a(BD-RjUL)61676 | ||
| 040 |
_aBD-RjUL _beng _cBD-RjUL _dBD-RjUL |
||
| 041 | _aeng | ||
| 082 |
_a658.83 _223 _bMAM 2012 |
||
| 100 |
_aMalhotra Naresh K _9183407 |
||
| 245 | 1 | 0 |
_aMarketing research : _ban applied orientation / _cNaresh K Malhotra; Satyabhusan Dash |
| 250 | _a6th ed. | ||
| 260 |
_aLondon : _bDryden Press, _cc2011 [impression 2012] |
||
| 300 |
_axii, 224 p ; _c24 cm |
||
| 500 | _aInclude index | ||
| 650 | 0 |
_aMarketing research _xStatistical methods _9183408 |
|
| 650 | 0 |
_aMarketing research _xData processing _9183409 |
|
| 700 |
_aSatyabhusan Dash _9183410 |
||
| 942 |
_2ddc _cBK |
||
| 999 |
_c61552 _d61552 |
||